Départements français avec des doubles lettres - Statistiques

Statistiques générales
  • Ce quiz a été pris 5 092 fois
    5 028 depuis la dernière actualisation
  • Le résultat moyen est 12 sur 21
Statistiques - réponses
Lettres Réponse % Correct
LL Moselle
66%
EE Pyrénées-Atlantiques
66%
EE Pyrénées-Orientales
66%
NN Haute-Garonne
64%
LL Allier
63%
EE Hautes-Pyrénées
63%
MM Somme
60%
LL Ille-et-Vilaine
58%
LL Meurthe-et-Moselle
57%
NN Vienne
56%
SS Essonne
55%
NN Tarn-et-Garonne
55%
NN Yonne
55%
NN Lot-et-Garonne
54%
NN Ardennes
53%
NN Haute-Vienne
50%
NN Mayenne
50%
RR Corrèze
46%
EE Vendée
45%
TT Mayotte
44%
RR Territoire de Belfort
31%
Aucun quiz correspondant
Distribution des résultats
% des personnes avec chaque résultat
Percentile par nombre de réponses
Votre historique - résultats
Vous n’avez pas pris ce quiz depuis la dernière actualisation